| 000 | 00426nam a22001697a 4500 | ||
|---|---|---|---|
| 005 | 20180319111749.0 | ||
| 008 | 160526b xxu||||| |||| 00| 0 eng d | ||
| 020 | _a978-81-8159-482-0 | ||
| 041 | _aeng | ||
| 082 |
_b5096 _a336.24 |
||
| 100 |
_aManoharan, T.N. _94203 |
||
| 245 | _aIncome tax Vat & Service tax | ||
| 260 |
_aNew Delhi _bAcademic Faundation _c2009 |
||
| 300 | _a804 | ||
| 650 |
_aManagement _9241 |
||
| 942 | _cBK | ||
| 999 |
_c1781 _d1780 |
||